Normal view
MARC view
Entry Personal Name
001 - CONTROL NUMBER
- control field: 28508
003 - CONTROL NUMBER IDENTIFIER
- control field: ARRUPE
005 - DATE AND TIME OF LATEST TRANSACTION
- control field: 20170202123253.0
008 - FIXED-LENGTH DATA ELEMENTS
- fixed length control field: 170202|| aca||aabn | a|a d
040 ## - CATALOGING SOURCE
- Original cataloging agency: ARRUPE
- Transcribing agency: ARRUPE
100 ## - HEADING--PERSONAL NAME
- Personal name: Niemann, Martha M.
670 ## - SOURCE DATA FOUND
- Source citation: Work cat.: (ARRUPE)0: Niemann, Martha M., The single life :, c1986.